|
|
|
|
| LEADER |
00000nab#a22000007a#4500 |
| 001 |
arbauad001385 |
| 003 |
AR-BaUAD |
| 005 |
20250711110436.0 |
| 008 |
930714|||||||||###||||||b###|0###a|spa|| |
| 040 |
|
|
|a AR-BaUAD
|c AR-BaUAD
|b spa
|
| 100 |
|
|
|a Gallego, Joaquín
|
| 245 |
|
|
|a Lúdico y lúcido :
|b la imagen de Esprit de Corp /
|c Joaquín Gallego; Rafael Celda;
|
| 300 |
0 |
|
|b fot.
|
| 653 |
|
|
|a IMAGEN CORPORATIVA
|
| 653 |
|
|
|a ESPRIT
|
| 653 |
|
|
|a DISEÑO GRAFICO
|
| 700 |
1 |
|
|a Celda, Rafael
|
| 773 |
0 |
|
|t Arquitectura Viva
|g no. 9 [nov. 1989], p. 57-59
|
| 942 |
|
|
|c ARTI
|
| 952 |
|
|
|0 0
|1 0
|4 0
|7 0
|9 46305
|a AR-BAuAD
|b AR-BAuAD
|d 2025-07-11
|l 0
|p AAQA001385
|r 2025-07-11 11:04:36
|w 2025-07-11
|y ARTI
|
| 990 |
|
|
|a DG198
|b TD
|
| 998 |
|
|
|a AAQ
|b BIBUN76
|
| 999 |
|
|
|c 25978
|d 25978
|